000 00464nam a2200181Ia 4500
003 LK-CoDNM
005 20240729145643.0
008 010623t1925 xxu||||| |||| 00| 1 eng d
040 _aLK-CoDNM
_dLK-CoDNM
_eLK-CoDNM
041 _aeng
080 _a14
_bU30
100 _aStrzygowski,Josef and others.
245 _aThe Influences of Indian Art
260 _bThe India Society
_c1925
300 _b151p . : ill ; 22 cm
650 _aIndo-China
942 _cBK
999 _c92817
_d92817